[Event "EU-chT Seniors 50"]
[Site "Swidnica"]
[Date "2023.07.14"]
[Round "3.4"]
[White "Ward, Christopher"]
[Black "Wozny, Jan"]
[Result "1-0"]
[WhiteElo "2387"]
[BlackElo "1193"]
[PlyCount "95"]
[EventDate "2023.07.12"]
[EventType "team-tourn"]
[EventRounds "9"]
[EventCountry "POL"]
[SourceTitle "CBM 215 Extra"]
[Source "ChessBase"]
[SourceDate "2023.09.30"]
[SourceVersion "1"]
[SourceVersionDate "2023.09.30"]
[SourceQuality "1"]
[WhiteTeam "England 50"]
[BlackTeam "Swidnica 50"]
[WhiteTeamCountry "ENG"]
[BlackTeamCountry "POL"]

1. d4 g6 2. e4 d6 3. c4 Bg7 4. Nc3 Nf6 5. Nge2 0-0 6. Ng3 c6 7. Be2 Nbd7 8. 0-0 c5 9. d5 a6 10. a4 Rb8 11. Bg5 h6 12. Be3 Kh7 13. f4 Ng8 14. Qd2 Qb6 15. Bd3 Bd4 16. a5 Bxe3+ 17. Qxe3 Qd8 18. e5 Kg7 19. Nce4 dxe5 20. f5 Ngf6 21. fxg6 fxg6 22. Nxf6 Nxf6 23. Qxe5 Qd6 24. Rae1 Qxe5 25. Rxe5 Ng8 26. Rxf8 Kxf8 27. Bxg6 b6 28. Bf5 Bxf5 29. Rxf5+ Ke8 30. Ne4 Kd7 31. axb6 Rxb6 32. Nxc5+ Ke8 33. Rf8+ Kxf8 34. Nd7+ Ke8 35. Nxb6 Kd8 36. Kf2 Kc7 37. c5 Nf6 38. Kf3 a5 39. g4 Kb7 40. h4 Ka6 41. g5 hxg5 42. hxg5 Ng8 43. Ke4 Kb5 44. Nd7 e6 45. d6 Kc6 46. Nf6 Nxf6+ 47. gxf6 Kxc5 48. d7 1-0